European and Mediterranean Capitals from Rome - Statistics

General Stats
  • This quiz has been taken 56 times
    31 since last reset
  • The average score is 41 of 54
Answer Stats
BEARING DISTANCE CAPITAL CITY % Correct
283° 4 km Vatican City
89%
1,532 km Copenhagen
85%
234° 995 km Algiers
81%
1,183 km Berlin
81%
27° 783 km Bratislava
81%
358° 227 km San Marino
81%
65° 524 km Sarajevo
81%
199° 598 km Tunis
81%
32° 517 km Zagreb
81%
274° 909 km Andorra la Vella
78%
97° 1,723 km Ankara
78%
75° 1,139 km Bucharest
78%
39° 809 km Budapest
78%
128° 2,131 km Cairo
78%
114° 2,284 km Damascus
78%
22° 2,203 km Helsinki
78%
119° 2,305 km Jerusalem
78%
55° 1,678 km Kiev
78%
259° 1,868 km Lisbon
78%
19° 488 km Ljubljana
78%
263° 1,368 km Madrid
78%
39° 1,739 km Minsk
78%
49° 2,379 km Moscow
78%
83° 561 km Podgorica
78%
922 km Prague
78%
84° 895 km Sofia
78%
11° 1,977 km Stockholm
78%
23° 2,127 km Tallinn
78%
95° 612 km Tirana
78%
176° 1,002 km Tripoli
78%
165° 687 km Valletta
78%
23° 764 km Vienna
78%
29° 1,316 km Warsaw
78%
114° 1,050 km Athens
74%
63° 721 km Belgrade
74%
66° 1,416 km Chisinau
74%
312° 1,888 km Dublin
74%
318° 1,437 km London
74%
296° 464 km Monaco
74%
112° 1,959 km Nicosia
74%
83° 718 km Pristina
74%
242° 1,905 km Rabat
74%
26° 1,867 km Riga
74%
89° 739 km Skopje
74%
33° 1,703 km Vilnius
74%
333° 1,299 km Amsterdam
70%
113° 2,199 km Beirut
70%
324° 691 km Bern
70%
327° 1,175 km Brussels
70%
330° 990 km Luxembourg
70%
356° 2,008 km Oslo
70%
314° 1,108 km Paris
70%
317º 3,306 km Reykjavik
70%
337° 629 km Vaduz
67%
No matching quizzes found
Score Distribution
Percent of People with Each Score
Percentile by Number Answered
Your Score History
You have not taken this quiz since the last reset